[Event "111th YMCA Autumn A"]
[Site "Warszawa"]
[Date "2012.11.29"]
[Round "11"]
[White "Harazinska, Ewa"]
[Black "Rytarowski, Kamil"]
[Result "1-0"]
[WhiteElo "2009"]
[BlackElo "1993"]
[PlyCount "95"]
[EventDate "2012.09.20"]
[EventType "tourn"]
[EventRounds "1"]
[EventCountry "POL"]
[SourceDate "2012.09.20"]

1. d4 Nf6 2. c4 d6 3. Nc3 g6 4. e4 Bg7 5. Nf3 O-O 6. Be2 e5 7. O-O Nc6 8. d5
Ne7 9. b4 a5 10. Ba3 Nd7 11. bxa5 Rxa5 12. Bb4 Ra8 13. a4 f5 14. Nd2 Nf6 15. f3
Bh6 16. Kh1 Be3 17. Nb3 Nh5 18. g3 f4 19. g4 Nf6 20. c5 h5 21. h3 Kf7 22. Kg2
Rh8 23. Rh1 g5 24. cxd6 cxd6 25. Nb5 Ne8 26. Nd2 Bd4 27. Nxd4 exd4 28. Nc4 Ng6
29. Qxd4 hxg4 30. hxg4 Rxh1 31. Kxh1 Qe7 32. Kg2 Bd7 33. a5 Rd8 34. Kf2 Bc8 35.
Rh1 Nf6 36. Qb6 Bxg4 37. Nxd6+ Rxd6 38. Bxd6 Nxe4+ 39. fxe4 Qxe4 40. Qc7+ Kf6
41. Be5+ Qxe5 42. Qb6+ Kg7 43. Bxg4 Qxd5 44. Qc7+ Kf6 45. Qc3+ Ne5 46. Re1 Qb5
47. Bf3 Kf5 48. Be4+ 1-0

[Event "111th YMCA Autumn A"]
[Site "Warszawa"]
[Date "2012.11.29"]
[Round "11"]
[White "Rusin, Ryszard"]
[Black "Sujkowski, Pawel"]
[Result "1/2-1/2"]
[WhiteElo "1914"]
[BlackElo "1992"]
[Annotator "Admin"]
[PlyCount "44"]
[EventDate "2012.09.20"]
[EventType "tourn"]
[EventRounds "1"]
[EventCountry "POL"]
[SourceDate "2012.09.20"]

1. d4 Nf6 2. c4 c5 3. e3 g6 4. Nf3 Bg7 5. Nc3 O-O 6. Bd3 cxd4 7. exd4 d5 8. O-O
Nc6 9. h3 Nb4 10. Be3 Nxd3 11. Qxd3 Bf5 12. Qe2 dxc4 13. Qxc4 Rc8 14. Qe2 Nd5
15. Rac1 Nxc3 16. Rxc3 Rxc3 17. bxc3 Qc7 18. Rc1 Be4 19. Ng5 Bc6 20. c4 h6 21.
d5 hxg5 22. dxc6 bxc6 $11 1/2-1/2

[Event "111th YMCA Autumn A"]
[Site "Warszawa"]
[Date "2012.11.29"]
[Round "11"]
[White "Chomczyk, Marek"]
[Black "Safanowski, Tomasz"]
[Result "1-0"]
[WhiteElo "1876"]
[BlackElo "1912"]
[Annotator "Admin"]
[PlyCount "127"]
[EventDate "2012.09.20"]
[EventType "tourn"]
[EventRounds "1"]
[EventCountry "POL"]
[SourceDate "2012.09.20"]

1. e4 d6 2. d4 Nf6 3. Nc3 Nbd7 4. Nf3 e5 5. dxe5 dxe5 6. Bc4 Be7 7. O-O O-O 8.
Qe2 c6 9. Bg5 b5 10. Bb3 a5 11. a4 b4 12. Nb1 Ba6 13. Bc4 Bxc4 14. Qxc4 Qc7 15.
Nbd2 h6 16. Bh4 g5 17. Bg3 Nh5 18. Qe2 Nxg3 19. hxg3 Nb6 20. Nh2 Rad8 21. Ng4
Bc5 22. Nxh6+ Kg7 23. Nf5+ Kg6 24. Nb3 Nd7 25. Qc4 Bb6 26. Rad1 Nb8 27. Nc5 Qa7
28. Rxd8 Rxd8 29. Nd3 Re8 30. Nd6 Re6 31. Nc8 Qc7 32. Nxb6 Qxb6 33. Rd1 Nd7 34.
Nxb4 Nc5 35. Nd3 Nxd3 36. Qxd3 Qxb2 37. Qb3 Qxb3 38. cxb3 c5 39. Rd5 Rb6 40.
Rxc5 Rxb3 41. Rxa5 f6 42. Ra8 g4 $11 43. Rg8+ Kh5 44. a5 Ra3 45. Ra8 Kg6 46. a6
Ra2 47. Kf1 Kg7 48. Ke1 Kh7 49. a7 Kg7 50. Kd1 Ra1+ 51. Kc2 Ra2+ 52. Kb3 Ra1
53. Kb4 Rb1+ 54. Kc5 Rc1+ 55. Kd6 Rd1+ 56. Ke6 Ra1 57. Kf5 Ra3 58. Kxg4 Ra2 59.
f3 Ra3 60. Kf5 Ra5 61. g4 Ra3 62. g5 fxg5 63. Kxg5 Ra5 64. Kf5 1-0

[Event "111th YMCA Autumn A"]
[Site "Warszawa"]
[Date "2012.11.29"]
[Round "11"]
[White "Szefer, Michal"]
[Black "Szwaj, Jacek"]
[Result "1/2-1/2"]
[WhiteElo "1981"]
[BlackElo "1925"]
[PlyCount "93"]
[EventDate "2012.09.20"]
[EventType "tourn"]
[EventRounds "1"]
[EventCountry "POL"]
[SourceDate "2012.09.20"]

1. e4 c5 2. Nf3 d6 3. d4 cxd4 4. Nxd4 Nf6 5. Nc3 a6 6. Bg5 e6 7. f4 Be7 8. Qf3
Qc7 9. O-O-O Nbd7 10. g4 b5 11. Bxf6 Nxf6 12. g5 Nd7 13. f5 Ne5 14. Qg3 b4 15.
Nce2 Nc6 16. fxe6 fxe6 17. Bh3 Nxd4 18. Nxd4 Qa5 19. Qb3 Bxg5+ 20. Kb1 O-O 21.
Bxe6+ Kh8 22. Bxc8 Rfxc8 23. Ne6 Bf6 24. Rd5 Qb6 25. Rhd1 Be5 26. Ng5 Rf8 27.
Rxe5 dxe5 28. Nf7+ Rxf7 29. Qxf7 Rd8 30. Rxd8+ Qxd8 31. Qd5 Qxd5 32. exd5 Kg8
33. c4 bxc3 34. bxc3 g5 35. c4 h5 36. Kc2 g4 37. Kd3 h4 38. Ke3 Kf7 39. c5 Ke8
40. c6 Ke7 41. c7 Kd7 42. d6 g3 43. h3 a5 44. a4 e4 45. Ke2 Kc8 46. Ke3 Kd7 47.
Ke2 1/2-1/2

[Event "111th YMCA Autumn A"]
[Site "Warszawa"]
[Date "2012.12.07"]
[Round "12"]
[White "Safanowski, Tomasz"]
[Black "Szefer, Michal"]
[Result "0-1"]
[WhiteElo "1912"]
[BlackElo "1981"]
[PlyCount "64"]
[EventDate "2012.09.20"]
[EventType "tourn"]
[EventRounds "1"]
[EventCountry "POL"]
[SourceDate "2012.09.20"]

1. Nf3 c5 2. e3 g6 3. d4 Bg7 4. Bd3 Nf6 5. O-O d6 6. b3 O-O 7. Bb2 Nc6 8. Nbd2
Nb4 9. Be2 Bf5 10. c4 Qa5 11. Nh4 Bc2 12. Qc1 Bd3 13. Bxd3 Nxd3 14. Qc3 Qxc3
15. Bxc3 e5 16. Rad1 exd4 17. exd4 Rfe8 18. g3 Re2 19. Ndf3 Nxf2 20. Rxf2 Rxf2
21. Kxf2 Ne4+ 22. Kf1 Nxc3 23. Rd3 Nxa2 24. dxc5 dxc5 25. Rd7 b6 26. Ng5 h6 27.
Ne4 Nc1 28. Nd6 Nxb3 29. Kg2 Rf8 30. Nf3 a5 31. Rb7 a4 32. Ra7 Na5 0-1

[Event "111th YMCA Autumn A"]
[Site "Warszawa"]
[Date "2012.12.06"]
[Round "12"]
[White "Sujkowski, Pawel"]
[Black "Chomczyk, Marek"]
[Result "1-0"]
[WhiteElo "1992"]
[BlackElo "1876"]
[Annotator "Admin"]
[PlyCount "117"]
[EventDate "2012.09.20"]
[EventType "tourn"]
[EventRounds "1"]
[EventCountry "POL"]
[SourceDate "2012.09.20"]

1. d4 d5 2. c4 e6 3. Nc3 Nf6 4. cxd5 exd5 5. Bg5 Be7 6. Qc2 c6 7. e3 O-O 8. Bd3
h6 9. Bh4 Nbd7 10. Nf3 Ne8 11. Bg3 Bd6 12. O-O Bxg3 13. hxg3 Nd6 14. Nh4 Nf6
15. Nf5 Nxf5 16. Bxf5 Bxf5 17. Qxf5 Ne8 18. Qf4 Qf6 19. Rfc1 Qxf4 20. gxf4 Nd6
21. Na4 Rae8 22. Nc5 Re7 23. a4 g5 24. g3 gxf4 25. gxf4 Kh7 26. Kg2 Nc4 27. b3
Nd2 28. Rh1 Rg8+ 29. Kh3 b6 30. Rad1 bxc5 31. Rxd2 Rb8 32. Rc1 cxd4 33. Rxd4
Re6 34. b4 Rg6 35. f5 Rf6 36. Rf4 Kg7 37. Rc5 Rd6 38. Rd4 Kf6 39. Kg4 Re8 40.
Ra5 Rd7 41. Ra6 Rc7 42. b5 Ke5 43. Rxc6 Rxc6 44. bxc6 Rc8 45. f4+ Kf6 46. Rxd5
Rxc6 47. e4 Kg7 48. e5 Ra6 49. a5 Rc6 50. Rd7 Ra6 $11 51. e6 Rxa5 52. Rxf7+ Kg8
53. Kh5 Ra1 54. Kxh6 a5 55. Kg6 Rg1+ 56. Kf6 Rb1 57. Ra7 Rb5 58. Kg6 Kf8 59. f6
1-0

[Event "111th YMCA Autumn A"]
[Site "Warszawa"]
[Date "2012.12.06"]
[Round "12"]
[White "Rytarowski, Kamil"]
[Black "Rusin, Ryszard"]
[Result "0-1"]
[WhiteElo "1993"]
[BlackElo "1914"]
[PlyCount "36"]
[EventDate "2012.09.20"]
[EventType "tourn"]
[EventRounds "1"]
[EventCountry "POL"]
[SourceDate "2012.09.20"]

1. e4 e5 2. f4 exf4 3. Nf3 Be7 4. Bc4 Bh4+ 5. Kf1 d6 6. d4 Be6 7. d5 Bg4 8. Nc3
Nd7 9. Bxf4 Ne7 10. h3 Bxf3 11. Qxf3 Ng6 12. Bb5 O-O 13. Bxd7 Qxd7 14. g3 f5
15. Re1 Nxf4 16. gxh4 fxe4 17. Qxe4 Rae8 18. Qc4 Nd3+ 0-1

[Event "111th YMCA Autumn A"]
[Site "Warszawa"]
[Date "2012.12.06"]
[Round "12"]
[White "Sielicki, Tomasz"]
[Black "Rozycki, Bartlomiej"]
[Result "1/2-1/2"]
[WhiteElo "2011"]
[BlackElo "1943"]
[Annotator "Admin"]
[PlyCount "78"]
[EventDate "2012.09.20"]
[EventType "tourn"]
[EventRounds "1"]
[EventCountry "POL"]
[SourceDate "2012.09.20"]

1. d4 d5 2. c4 e6 3. Nc3 Nf6 4. cxd5 exd5 5. Bg5 Be7 6. Qc2 O-O 7. e3 c6 8. Bd3
Nbd7 9. Nge2 Re8 10. O-O Nf8 11. f3 h6 12. Bh4 c5 13. Rad1 c4 14. Bf5 Bxf5 15.
Qxf5 Qd7 16. e4 Qxf5 17. exf5 N8h7 18. Nf4 Rad8 19. Rfe1 Ng5 20. Bg3 Kf8 21.
Re2 Bb4 22. Rde1 Bxc3 23. bxc3 Rxe2 24. Rxe2 Ne8 25. Re5 Nc7 26. a4 b6 27. Kf1
Nh7 28. Bh4 Rd7 29. Ke1 $11 f6 30. Ng6+ Kf7 31. Re2 Nf8 32. Nxf8 Kxf8 33. Bg3
Ne8 34. Bf4 Re7 35. g4 Rxe2+ 36. Kxe2 Ke7 37. Bb8 Kd7 38. Bf4 Kc6 39. Kd2 Nd6
$11 1/2-1/2

[Event "111th YMCA Autumn A"]
[Site "Warszawa"]
[Date "2012.10.26"]
[Round "12"]
[White "Bernacki, Gabriel"]
[Black "Pastuszko, Kinga"]
[Result "0-1"]
[WhiteElo "1920"]
[BlackElo "1895"]
[PlyCount "52"]
[EventDate "2012.09.20"]
[EventType "tourn"]
[EventRounds "1"]
[EventCountry "POL"]
[SourceDate "2012.09.20"]

1. d4 f5 2. c4 Nf6 3. Nc3 d6 4. Nf3 g6 5. g3 Bg7 6. Bg2 O-O 7. O-O e6 8. b4 Ne4
9. Bb2 Nd7 10. Nd2 Nxc3 11. Bxc3 e5 12. d5 b6 13. Qc2 Bb7 14. Nb3 Nf6 15. Rad1
Qe7 16. Qb2 Ba6 17. c5 Bc4 18. Rd2 Qf7 19. Rfd1 Ne4 20. Bxe4 fxe4 21. e3 h5 22.
Nc1 h4 23. f4 exf3 24. Kf2 Qf5 25. Nd3 Qh3 26. Kg1 Bxd3 0-1

[Event "111th YMCA Autumn A"]
[Site "Warszawa"]
[Date "2012.11.06"]
[Round "13"]
[White "Pastuszko, Kinga"]
[Black "Grabowicz, Marcin"]
[Result "1/2-1/2"]
[WhiteElo "1895"]
[BlackElo "1895"]
[Annotator "Admin"]
[PlyCount "41"]
[EventDate "2012.09.20"]
[EventType "tourn"]
[EventRounds "1"]
[EventCountry "POL"]
[SourceDate "2012.09.20"]

1. e4 d5 2. exd5 Qxd5 3. Nf3 Nf6 4. Be2 c6 5. O-O Bf5 6. c4 Qd8 7. d4 e6 8. Nc3
Be7 9. Nh4 Bg6 10. Nxg6 hxg6 11. Bf4 O-O 12. Qd3 Nbd7 13. Rad1 Qa5 14. Bf3 e5
$11 15. dxe5 Nxe5 16. Qe2 Nxf3+ 17. Qxf3 Rad8 18. Rxd8 Rxd8 19. Re1 Bf8 20. h3
Qf5 21. Re5 $11 1/2-1/2

[Event "111th YMCA Autumn A"]
[Site "Warszawa"]
[Date "2012.10.05"]
[Round "13"]
[White "Rozycki, Bartlomiej"]
[Black "Bernacki, Gabriel"]
[Result "1-0"]
[WhiteElo "1943"]
[BlackElo "1920"]
[PlyCount "59"]
[EventDate "2012.09.20"]
[EventType "tourn"]
[EventRounds "1"]
[EventCountry "POL"]
[SourceDate "2012.09.20"]

1. e4 c6 2. d4 d5 3. Nc3 dxe4 4. Nxe4 Nd7 5. Bc4 Ngf6 6. Ng5 e6 7. Qe2 Nb6 8.
Bd3 Be7 9. N1f3 h6 10. Ne4 O-O 11. Nxf6+ Bxf6 12. Qe4 g6 13. Bxh6 Re8 14. Ne5
Qd5 15. Qf4 Bxe5 16. dxe5 Nd7 17. O-O-O Qxe5 18. Qf3 Qf6 19. Qg3 a5 20. h4 a4
21. h5 a3 22. hxg6 Qxb2+ 23. Kd2 f5 24. Rh4 Nc5 25. Bg5 Ra4 26. Rdh1 Ne4+ 27.
Bxe4 Rxe4 28. Rh8+ Kg7 29. R1h7+ Kxg6 30. Bf4+ 1-0

[Event "111th YMCA Autumn A"]
[Site "Warszawa"]
[Date "2012.12.13"]
[Round "13"]
[White "Harazinska, Ewa"]
[Black "Sielicki, Tomasz"]
[Result "1-0"]
[WhiteElo "2009"]
[BlackElo "2011"]
[PlyCount "101"]
[EventDate "2012.09.20"]
[EventType "tourn"]
[EventRounds "1"]
[EventCountry "POL"]
[SourceDate "2012.09.20"]

1. d4 Nf6 2. c4 e5 3. dxe5 Ng4 4. Bf4 Nc6 5. Nf3 Bb4+ 6. Nbd2 Qe7 7. e3 Ngxe5
8. Be2 Nxf3+ 9. Bxf3 Nd4 10. O-O Nxf3+ 11. Nxf3 a5 12. a3 Bc5 13. b4 axb4 14.
axb4 Rxa1 15. Qxa1 Bxb4 16. Qxg7 Rf8 17. Qxh7 d6 18. Bh6 Be6 19. Bxf8 Qxf8 20.
Qe4 Kd7 21. Qxb7 Bc5 22. Qb5+ Ke7 23. Ne5 Qh6 24. Nc6+ Kf8 25. Nd4 Bg4 26. Ra1
Kg7 27. Qb1 Qg5 28. Qe4 Bd7 29. Kf1 Qf6 30. Ra2 Qg5 31. Ra8 Qh5 32. Nf3 Bf5 33.
Qf4 Be6 34. Qg5+ Qxg5 35. Nxg5 Bxc4+ 36. Ke1 Bd5 37. Ra4 Kf6 38. Ne4+ Bxe4 39.
Rxe4 d5 40. Ra4 Ke5 41. Ke2 c6 42. Ra6 Kd6 43. h4 Kd7 44. h5 Bf8 45. Ra8 Ke7
46. Rc8 Bg7 47. Rxc6 d4 48. h6 Bh8 49. Rc8 Bf6 50. h7 dxe3 51. fxe3 1-0

[Event "111th YMCA Autumn A"]
[Site "Warszawa"]
[Date "2012.12.13"]
[Round "13"]
[White "Chomczyk, Marek"]
[Black "Rytarowski, Kamil"]
[Result "0-1"]
[WhiteElo "1876"]
[BlackElo "1993"]
[PlyCount "48"]
[EventDate "2012.09.20"]
[EventType "tourn"]
[EventRounds "1"]
[EventCountry "POL"]
[SourceDate "2012.09.20"]

1. e4 d5 2. exd5 Nf6 3. Nc3 Nxd5 4. Nxd5 Qxd5 5. Qf3 Be6 6. Be2 Nc6 7. Qxd5
Bxd5 8. Bf3 O-O-O 9. Bxd5 Rxd5 10. Nf3 e5 11. O-O e4 12. Ne1 Bb4 13. c3 Bc5 14.
Nc2 Ne5 15. Ne3 Rd3 16. b4 Bb6 17. Rb1 g6 18. c4 Bd4 19. c5 Rd8 20. Rb3 f5 21.
Rxd3 Nxd3 22. Ba3 f4 23. Nc2 Bxf2+ 24. Kh1 e3 0-1

[Event "111th YMCA Autumn A"]
[Site "Warszawa"]
[Date "2012.12.13"]
[Round "13"]
[White "Szefer, Michal"]
[Black "Sujkowski, Pawel"]
[Result "0-1"]
[WhiteElo "1981"]
[BlackElo "1992"]
[Annotator "Admin"]
[PlyCount "44"]
[EventDate "2012.09.20"]
[EventType "tourn"]
[EventRounds "1"]
[EventCountry "POL"]
[SourceDate "2012.09.20"]

1. e4 c5 2. Nf3 g6 3. d4 cxd4 4. Nxd4 Nc6 5. c4 Nf6 6. Nc3 d6 7. Nc2 Bg7 8. Be2
O-O 9. Bd2 a5 10. O-O Nd7 11. Rb1 Nc5 $11 12. b3 f5 13. f3 fxe4 14. fxe4 Be6
15. Bf3 Nd3 16. Nd5 Nde5 17. Be3 Nxf3+ 18. Rxf3 Rxf3 19. gxf3 Bf7 20. Nd4 e6
21. Nxc6 bxc6 22. Bg5 Qxg5+ 0-1

[Event "111th YMCA Autumn A"]
[Site "Warszawa"]
[Date "2012.10.05"]
[Round "13"]
[White "Szwaj, Jacek"]
[Black "Safanowski, Tomasz"]
[Result "1-0"]
[WhiteElo "1925"]
[BlackElo "1912"]
[PlyCount "41"]
[EventDate "2012.09.20"]
[EventType "tourn"]
[EventRounds "1"]
[EventCountry "POL"]
[SourceDate "2012.09.20"]

1. e4 e5 2. Nf3 d6 3. d4 Nd7 4. Bc4 Be7 5. Nc3 c6 6. a4 Ngf6 7. O-O O-O 8. dxe5
dxe5 9. Bg5 h6 10. Bh4 Qc7 11. Qe2 Re8 12. Bg3 Nh5 13. Bxf7+ Kxf7 14. Nxe5+
Nxe5 15. Qxh5+ g6 16. Bxe5 Qa5 17. Qf3+ Kg8 18. Qg3 Kh7 19. f4 Be6 20. f5 Bf7
21. fxg6+ 1-0